[Event "WJCC U20 Open 2019"]
[Site "New Delhi"]
[Date "2019.10.19"]
[Round "6.25"]
[White "Pranav, V."]
[Black "Tica, Sven"]
[Result "1-0"]
[WhiteElo "2308"]
[BlackElo "2418"]
[Annotator "NA RC"]
[PlyCount "93"]
[EventDate "2019.10.15"]
[EventType "swiss"]
[EventCountry "IND"]
[SourceTitle "playchess.com"]
[Source "ChessBase"]
[SourceQuality "1"]
[TimeControl "40/5400+30:1800+30"]

1. e4 {[%emt 0:00:00]} c6 {[%emt 0:00:00]} 2. d4 {[%emt 0:00:00]} d5 {[%emt 0:00:00]} 3. e5 {[%emt 0:00:02]} Bf5 {[%emt 0:00:00]} 4. Nf3 {[%emt 0:00:11]} e6 {[%emt 0:00:00]} 5. Be2 {[%emt 0:00:06]} Ne7 {[%emt 0:00:05]} 6. O-O {[%emt 0:01:16]} h6 {[%emt 0:00:05]} 7. Nbd2 {[%emt 0:01:23]} Nd7 {[%emt 0:00:07]} 8. c3 {[%emt 0:01:24]} Bh7 {[%emt 0:00:08]} 9. Re1 {[%emt 0:01:42]} Nf5 {[%emt 0:00:53]} 10. Nf1 {[%emt 0:01:09]} Be7 {[%emt 0:00:50]} 11. Bd3 {[%emt 0:03:35]} c5 {[%emt 0:06:32]} 12. Ng3 {[%emt 0:03:58]} Nxg3 {[%emt 0:00:42]} 13. Bxh7 {[%emt 0:00:10]} Rxh7 {[%emt 0:00:17]} 14. hxg3 {[%emt 0:00:10]} cxd4 {[%emt 0:03:51]} 15. cxd4 {[%emt 0:02:00]} Rc8 {[%emt 0:03:24]} 16. Be3 {[%emt 0:09:41]} Nb8 {[%emt 0:04:25]} 17. b4 {[%emt 0:02:05]} Nc6 {[%emt 0:13:00]} 18. a3 {[%emt 0:01:37]} Qb6 {[%emt 0:05:24]} 19. Rc1 {[%emt 0:02:48]} Rh8 {[%emt 0:02:04]} 20. Nd2 {[%emt 0:04:13]} Kd7 {[%emt 0:02:57]} 21. Nb3 {[%emt 0:03:51]} Qa6 {[%emt 0:05:21]} 22. Rc3 {[%emt 0:01:00]} b6 {[%emt 0:03:30]} 23. Bd2 {[%emt 0:07:37]} Rc7 {[%emt 0:29:02]} 24. Qb1 {[%emt 0:03:47]} Rb8 {[%emt 0:04:14]} 25. Rec1 {[%emt 0:03:12]} Bd8 {[%emt 0:00:31]} 26. Qh7 {[%emt 0:01:00]} Rbc8 {[%emt 0:02:14]} 27. Rf3 {[%emt 0:02:52]} Ne7 {[%emt 0:02:03]} 28. Rb1 {[%emt 0:00:31]} Rc2 {[%emt 0:01:27]} 29. Qxg7 {[%emt 0:01:26]} Ra2 {[%emt 0:03:38]} 30. Qxf7 {[%emt 0:00:54]} Rcc2 {[%emt 0:01:40]} 31. b5 {[%emt 0:01:47]} Qxa3 {[%emt 0:00:24]} 32. Nc5+ {[%emt 0:00:23]} bxc5 {[%emt 0:00:09]} 33. Rxa3 {[%emt 0:00:06]} Rxa3 {[%emt 0:00:04]} 34. dxc5 {[%emt 0:00:17]} Rxc5 {[%emt 0:00:58]} 35. Bxh6 {[%emt 0:00:17]} d4 {[%emt 0:00:36]} 36. Rd1 {[%emt 0:00:34]} d3 {[%emt 0:00:07]} 37. g4 {[%emt 0:00:54]} Rxe5 {[%emt 0:00:22]} 38. Qh7 {[%emt 0:00:30]} Rd5 {[%emt 0:01:14]} 39. g5 {[%emt 0:00:22]} Rf5 {[%emt 0:00:32]} 40. g6 {[%emt 0:01:39]} Bb6 {[%emt 0:00:16]} 41. Be3 {[%emt 0:30:30]} Bxe3 {[%emt 0:32:26]} 42. fxe3 {[%emt 0:00:16]} Rxb5 {[%emt 0:00:24]} 43. g7 {[%emt 0:02:05]} Rg5 {[%emt 0:00:08]} 44. Qh4 {[%emt 0:00:33]} Rg6 {[%emt 0:00:31]} 45. Qb4 {[%emt 0:00:56]} Ra2 {[%emt 0:00:49]} 46. Qb5+ {[%emt 0:00:11]} Kd6 {[%emt 0:00:49]} 47. Qxd3+ {[%emt 0:00:06]} 1-0

[Event "WJCC U20 Open 2019"]
[Site "New Delhi"]
[Date "2019.10.19"]
[Round "6.26"]
[White "Percivaldi, Martin"]
[Black "Milikow, Yoav"]
[Result "1-0"]
[WhiteElo "2391"]
[BlackElo "2199"]
[Annotator "NA"]
[PlyCount "79"]
[EventDate "2019.10.15"]
[EventType "swiss"]
[EventCountry "IND"]
[SourceTitle "playchess.com"]
[Source "ChessBase"]
[SourceQuality "1"]
[TimeControl "40/5400+30:1800+30"]

1. d4 Nf6 2. c4 g6 3. f3 Nc6 4. d5 Ne5 5. e4 d6 6. Nc3 Bg7 7. f4 Ned7 8. Nh3 O-O 9. Be2 e6 10. dxe6 fxe6 11. Be3 b6 12. O-O Bb7 13. Bf3 a6 14. Ng5 Re8 15. Qc2 Ra7 16. Rad1 Qa8 17. Rfe1 Bc6 18. Bc1 e5 19. f5 h6 20. Ne6 gxf5 21. exf5 Kh7 22. Nd5 Bxd5 23. Bxd5 Qc8 24. Re3 c6 25. Rg3 Nc5 26. Qd2 Nxe6 27. Bxe6 Rxe6 28. fxe6 Qxe6 29. Qd3+ e4 30. Qxd6 Qxc4 31. Rf1 Rf7 32. Qf4 Kh8 33. Qf5 Qd5 34. Qg6 Qc5+ 35. Be3 Qf8 36. Bxh6 Bxh6 37. Rh3 Qg7 38. Rxh6+ Kg8 39. Rxf6 Rxf6 40. Qxf6 1-0

[Event "WJCC U20 Open 2019"]
[Site "New Delhi"]
[Date "2019.10.19"]
[Round "6.27"]
[White "Zlatin, Alexander"]
[Black "Rajdeep Sarkar"]
[Result "1/2-1/2"]
[WhiteElo "2263"]
[BlackElo "2384"]
[Annotator "TA"]
[PlyCount "66"]
[EventDate "2019.10.15"]
[EventType "swiss"]
[EventCountry "IND"]
[SourceTitle "playchess.com"]
[Source "ChessBase"]
[SourceQuality "1"]

{[%evp 22,66,39,35,39,41,41,34,35,46,39,46,34,32,46,45,44,33,104,109,105,102,94,21,28,4,14,16,74,72,69,66,66,77,72,65,65,65,76,6,30,29,58,0,0,0,32]} 1. e4 e5 2. Nf3 Nc6 3. Bb5 a6 4. Ba4 Nf6 5. O-O Be7 6. Re1 b5 7. Bb3 d6 8. c3 O-O 9. h3 a5 10. a4 b4 11. d4 bxc3 12. bxc3 exd4 {C92: Closed Ruy Lopez: 9...Be6, Karpov and Flohr-Zaitsev Variations} 13. Nxd4 (13. cxd4 d5 14. Ne5 Nb4 15. exd5 Bb7 16. Nc3 Nbxd5 17. Nxd5 Bxd5 18. Bc2 Re8 19. Qd3 g6 20. Bg5 Nh5 21. Bd2 Bb4 22. Bxb4 axb4 23. g3 Qd6 24. a5 Qa6 25. Qxa6 Rxa6 26. Reb1 {½-½ (26) Saric,I (2586)-Stevic,H (2614) Otocac 2010}) 13... Nxd4 14. cxd4 d5 {White is slightly better.} 15. exd5 Bb7 16. Rxe7 {[%mdl 64] [#] Remove Defender} Qxe7 17. Ba3 Qd7 18. Bxf8 Kxf8 19. Nc3 Bxd5 $146 (19... c6 $14) ({Predecessor:} 19... Nxd5 20. Nxd5 Bxd5 21. Bxd5 Qxd5 {½-½ (28) Fabricius,H-Isaksson,S ICCF corr 1961}) 20. Nxd5 $16 Nxd5 21. Qc2 Nf6 22. Qc5+ ({White should play} 22. Re1 $16) 22... Qe7 $11 23. Rc1 {Black must now prevent Qxe7+.} (23. Qb5 {keeps more tension.} Qd7 24. Qb7 Qd8 25. Bd1 Rb8 26. Qa7) 23... Qxc5 24. Rxc5 {[%mdl 4096] Endgame KRB-KRN} Ne8 (24... Ra7 $1 $11) 25. Bd5 $16 Ra7 26. Kf1 Ke7 27. Ke2 Nf6 28. Bc6 Kd6 29. Kd3 Ra6 {[#]} 30. Bb7 (30. Bb5 $1 $16 {[%cal Rb5a6]} Ra7 31. Kc4) 30... Rb6 31. Bf3 Ra6 32. Bb7 (32. Kc4 $14) 32... Rb6 $11 33. Bf3 Ra6 {Accuracy: White = 58%, Black = 58%.} 1/2-1/2

[Event "WJCC U20 Open 2019"]
[Site "New Delhi"]
[Date "2019.10.19"]
[Round "6.28"]
[White "Sankalp Gupta"]
[Black "Nitish Belurkar"]
[Result "1-0"]
[WhiteElo "2369"]
[BlackElo "2311"]
[Annotator "NA RC"]
[PlyCount "89"]
[EventDate "2019.10.15"]
[EventType "swiss"]
[EventCountry "IND"]
[SourceTitle "playchess.com"]
[Source "ChessBase"]
[SourceQuality "1"]
[TimeControl "40/5400+30:1800+30"]

1. e4 {[%emt 0:03:01]} e6 {[%emt 0:00:00]} 2. d4 {[%emt 0:00:04]} d5 {[%emt 0:00:00]} 3. Nc3 {[%emt 0:00:03]} Nf6 {[%emt 0:00:00]} 4. e5 {[%emt 0:00:02]} Nfd7 {[%emt 0:00:00]} 5. f4 {[%emt 0:00:04]} c5 {[%emt 0:00:00]} 6. Nf3 {[%emt 0:00:04]} Nc6 {[%emt 0:00:00]} 7. Be3 {[%emt 0:00:02]} a6 {[%emt 0:00:06]} 8. Qd2 {[%emt 0:00:06]} Qb6 {[%emt 0:00:05]} 9. O-O-O {[%emt 0:00:58]} Qc7 {[%emt 0:00:06]} 10. dxc5 {[%emt 0:00:36]} Bxc5 {[%emt 0:00:08]} 11. Bxc5 {[%emt 0:10:04]} Nxc5 {[%emt 0:00:05]} 12. Qe3 {[%emt 0:00:07]} Ne7 {[%emt 0:01:57]} 13. g4 {[%emt 0:09:33]} b5 $11 {[%emt 0:08:03]} 14. Ne2 {[%emt 0:10:21]} Bb7 {[%emt 0:16:02]} 15. Ned4 {[%emt 0:01:40]} Nc8 {[%emt 0:02:07]} 16. f5 {[%emt 0:00:34]} Nb6 {[%emt 0:22:51]} 17. Qg5 {[%emt 0:24:47]} Rg8 {[%emt 0:06:24]} 18. Bd3 {[%emt 0:01:49]} h6 {[%emt 0:14:12]} 19. Qh4 {[%emt 0:00:35]} Qe7 {[%emt 0:01:51]} 20. fxe6 {[%emt 0:06:54]} fxe6 {[%emt 0:00:40]} 21. Bg6+ {[%emt 0:03:14]} Kd7 {[%emt 0:00:12]} 22. Rhf1 {[%emt 0:01:04]} Raf8 {[%emt 0:02:58]} 23. b4 {[%emt 0:03:39]} Nca4 {[%emt 0:02:04]} 24. Qxe7+ {[%emt 0:00:02]} Kxe7 {[%emt 0:00:01]} 25. Bh7 {[%emt 0:00:09]} g5 {[%emt 0:02:45]} 26. Bxg8 {[%emt 0:00:51]} Rxg8 {[%emt 0:00:01]} 27. Rde1 {[%emt 0:05:00]} Nc3 {[%emt 0:01:33]} 28. Nd2 {[%emt 0:05:42]} Nd7 {[%emt 0:00:58]} 29. a3 {[%emt 0:02:03]} Ne4 {[%emt 0:01:36]} 30. N4f3 {[%emt 0:00:16]} Nf8 {[%emt 0:03:21]} 31. Nxe4 {[%emt 0:00:22]} dxe4 {[%emt 0:00:09]} 32. Nd2 {[%emt 0:00:01]} Ng6 {[%emt 0:01:35]} 33. Nxe4 {[%emt 0:00:45]} Nf4 {[%emt 0:00:01]} 34. Nf6 {[%emt 0:00:46]} Rc8 {[%emt 0:00:05]} 35. Rd1 {[%emt 0:00:13]} Bd5 {[%emt 0:00:57]} 36. Kb2 {[%emt 0:00:42]} Rc4 {[%emt 0:00:08]} 37. Rf2 {[%emt 0:00:42]} a5 {[%emt 0:01:22]} 38. bxa5 {[%emt 0:01:02]} Ra4 {[%emt 0:00:01]} 39. Rdd2 {[%emt 0:01:33]} b4 {[%emt 0:00:33]} 40. axb4 {[%emt 0:00:34]} Rxb4+ {[%emt 0:00:01]} 41. Ka3 {[%emt 0:30:33]} Rb1 {[%emt 0:30:08]} 42. h4 {[%emt 0:03:55]} Rb5 {[%emt 0:00:13]} 43. hxg5 {[%emt 0:00:22]} hxg5 {[%emt 0:00:01]} 44. Rh2 {[%emt 0:00:34]} Rxa5+ {[%emt 0:00:11]} 45. Kb4 {[%emt 0:00:03]} 1-0

[Event "WJCC U20 Open 2019"]
[Site "New Delhi"]
[Date "2019.10.19"]
[Round "6.29"]
[White "Winkelman, Albert"]
[Black "Parkhov, Yair"]
[Result "0-1"]
[WhiteElo "2143"]
[BlackElo "2350"]
[Annotator "TA"]
[PlyCount "48"]
[EventDate "2019.10.15"]
[EventType "swiss"]
[EventCountry "IND"]
[SourceTitle "playchess.com"]
[Source "ChessBase"]
[SourceQuality "1"]

{[%evp 12,48,38,2,20,8,5,-12,-28,-18,-34,-48,-27,-24,0,0,0,-13,0,-42,-31,-93,-81,-116,-106,-97,-102,-233,-225,-228,-221,-222,-225,-286,-266,-400,-378,-378,-355]} 1. e4 c5 2. Nf3 d6 3. d4 cxd4 4. Nxd4 Nf6 5. Nc3 a6 6. h3 e5 7. Nb3 Be6 {B90: Sicilian Najdorf: Unusual White 6th moves, 6 Be3 Ng4 and 6 Be3 e5} 8. g4 (8. f4 g6 9. Be2 Nbd7 10. g4 Rc8 11. f5 Bxb3 12. axb3 Rxc3 13. bxc3 Nxe4 14. O-O Qh4 15. Bf3 gxf5 16. Bxe4 fxe4 {½-½ (53) Caruana,F (2818)-Vachier Lagrave,M (2778) Saint Louis 2019}) 8... d5 9. g5 Nxe4 {The position is equal.} 10. Nxe4 dxe4 11. Qxd8+ Kxd8 12. Bg2 Bf5 $146 ({Predecessor:} 12... Nc6 13. Bxe4 Kc7 14. Be3 Rd8 15. c3 {0-1 (61) Shirov,A (2673)-Oparin,G (2616) Moscow 2016}) 13. Be3 Nd7 14. O-O-O Kc7 15. Rd2 Be7 16. Rhd1 (16. Re2 $15) 16... Rad8 $17 17. c3 b6 18. Re2 Bg6 {And now ...Bh5 would win.} 19. Rf1 (19. Nd2 $17 {was called for.}) 19... f5 $19 {Strongly threatening ...f4.} 20. gxf6 gxf6 ({Less strong is} 20... Nxf6 21. Nd2 $17) 21. Bh6 f5 22. f3 Bh5 23. Rd2 (23. Rc2 $142) 23... Rhg8 24. fxe4 Rg6 {Accuracy: White = 39%, Black = 83%.} 0-1

[Event "WJCC U20 Open 2019"]
[Site "New Delhi"]
[Date "2019.10.19"]
[Round "6.30"]
[White "Garidmagnai, Byambasuren"]
[Black "Lobanov, Sergei"]
[Result "1/2-1/2"]
[WhiteElo "2327"]
[BlackElo "2516"]
[Annotator "ChessBase"]
[PlyCount "140"]
[EventDate "2019.10.15"]
[EventType "swiss"]
[EventCountry "IND"]
[SourceTitle "playchess.com"]
[Source "ChessBase"]
[SourceQuality "1"]
[TimeControl "40/5400+30:1800+30"]

1. Nf3 {[%emt 0:00:00]} d5 {[%emt 0:00:00]} 2. b3 {[%emt 0:00:00]} c5 {[%emt 0:00:00]} 3. Bb2 {[%emt 0:00:00]} Nc6 {[%emt 0:00:00]} 4. e3 {[%emt 0:00:00]} Nf6 {[%emt 0:00:23]} 5. Be2 {[%emt 0:01:55]} e6 {[%emt 0:00:59]} 6. O-O {[%emt 0:00:11]} Bd6 {[%emt 0:01:31]} 7. c4 {[%emt 0:00:24]} d4 {[%emt 0:00:35]} 8. exd4 {[%emt 0:02:33]} cxd4 {[%emt 0:00:04]} 9. a3 {[%emt 0:00:21]} e5 {[%emt 0:01:40]} 10. d3 {[%emt 0:00:44]} O-O {[%emt 0:00:22]} 11. b4 {[%emt 0:00:48]} a5 {[%emt 0:06:27]} 12. c5 {[%emt 0:02:33]} Bc7 {[%emt 0:00:12]} 13. b5 {[%emt 0:01:36]} Ne7 {[%emt 0:00:04]} 14. Nbd2 {[%emt 0:00:36]} Ned5 {[%emt 0:01:10]} 15. Re1 {[%emt 0:00:54]} Nf4 {[%emt 0:12:55]} 16. Bf1 {[%emt 0:02:04]} Qd5 {[%emt 0:00:10]} 17. Qb3 {[%emt 0:12:14]} Qxb3 {[%emt 0:11:39]} 18. Nxb3 {[%emt 0:00:07]} a4 {[%emt 0:00:04]} 19. Nbd2 {[%emt 0:00:26]} Re8 {[%emt 0:01:20]} 20. Nc4 {[%emt 0:03:41]} Ng6 {[%emt 0:00:25]} 21. g3 {[%emt 0:02:01]} Bf5 {[%emt 0:08:11]} 22. b6 {[%emt 0:02:15]} Bb8 {[%emt 0:00:10]} 23. Rad1 {[%emt 0:00:46]} Bd7 {[%emt 0:06:19]} 24. Bg2 {[%emt 0:02:36]} Bc6 {[%emt 0:00:04]} 25. Re2 {[%emt 0:06:49]} Re6 {[%emt 0:18:15]} 26. Rde1 {[%emt 0:25:16]} Nd7 {[%emt 0:00:12]} 27. Nxd4 {[%emt 0:07:15]} exd4 {[%emt 0:00:47]} 28. Bxc6 {[%emt 0:04:09]} bxc6 {[%emt 0:04:33]} 29. Bxd4 {[%emt 0:00:46]} Ngf8 {[%emt 0:01:52]} 30. f4 {[%emt 0:03:57]} g6 {[%emt 0:00:51]} 31. Ne3 {[%emt 0:04:46]} h5 {[%emt 0:04:05]} 32. f5 {[%emt 0:01:15]} gxf5 {[%emt 0:02:36]} 33. Nxf5 {[%emt 0:01:53]} Kh7 {[%emt 0:00:04]} 34. Bf2 {[%emt 0:02:07]} Be5 {[%emt 0:05:12]} 35. d4 {[%emt 0:01:09]} Bf6 36. Nd6 {[%emt 0:02:20]} Rxd6 {[%emt 0:10:28]} 37. cxd6 {[%emt 0:00:07]} Nxb6 {[%emt 0:00:02]} 38. Rc2 {[%emt 0:00:20]} Rc8 {[%emt 0:02:53]} 39. Rb1 {[%emt 0:05:26]} Nfd7 {[%emt 0:00:49]} 40. Rb4 {[%emt 0:00:20]} Kg6 {[%emt 0:01:03]} 41. Kg2 {[%emt 0:07:45]} Kf5 {[%emt 0:00:22]} 42. Re2 {[%emt 0:02:03]} Bg7 {[%emt 0:08:05]} 43. Reb2 {[%emt 0:04:58]} c5 {[%emt 0:08:42]} 44. Rb5 Ke4 {[%emt 0:05:59]} 45. dxc5 {[%emt 0:13:54]} Bxb2 {[%emt 0:00:17]} 46. Rxb2 {[%emt 0:00:12]} Nc4 {[%emt 0:02:49]} 47. Rb7 {[%emt 0:00:38]} Nde5 {[%emt 0:00:25]} 48. Rb4 {[%emt 0:02:03]} Kd5 {[%emt 0:01:15]} 49. Rxa4 {[%emt 0:00:10]} Nc6 {[%emt 0:00:18]} 50. h3 {[%emt 0:03:08]} f5 {[%emt 0:02:07]} 51. Ra6 {[%emt 0:00:50]} Rb8 {[%emt 0:00:25]} 52. g4 {[%emt 0:00:25]} hxg4 {[%emt 0:00:08]} 53. hxg4 {[%emt 0:00:06]} Rg8 {[%emt 0:00:04]} 54. Kh3 {[%emt 0:02:11]} f4 {[%emt 0:00:41]} 55. Bh4 {[%emt 0:00:57]} N4e5 {[%emt 0:01:28]} 56. Ra4 {[%emt 0:00:33]} Rf8 {[%emt 0:04:42]} 57. Bg5 {[%emt 0:00:44]} f3 {[%emt 0:00:31]} 58. Rf4 {[%emt 0:00:06]} Rxf4 {[%emt 0:01:27]} 59. Bxf4 {[%emt 0:00:01]} Ke4 {[%emt 0:00:01]} 60. Kg3 {[%emt 0:01:23]} Nd3 {[%emt 0:00:05]} 61. Bg5 {[%emt 0:00:22]} Nxc5 {[%emt 0:00:10]} 62. a4 {[%emt 0:00:24]} Nd4 {[%emt 0:01:27]} 63. a5 {[%emt 0:00:22]} Ne2+ {[%emt 0:00:05]} 64. Kh2 {[%emt 0:00:18]} Nf4 {[%emt 0:01:08]} 65. Kg3 {[%emt 0:01:33]} Nfe6 {[%emt 0:00:28]} 66. a6 {[%emt 0:00:24]} Nxa6 {[%emt 0:00:25]} 67. d7 {[%emt 0:00:01]} Nb4 {[%emt 0:00:43]} 68. d8=Q Nxd8 {[%emt 0:00:01]} 69. Bxd8 {[%emt 0:00:14]} Ke3 {[%emt 0:00:17]} 70. Bb6+ {[%emt 0:00:05]} Ke4 {[%emt 0:00:18]} 1/2-1/2

[Event "WJCC U20 Open 2019"]
[Site "New Delhi"]
[Date "2019.10.19"]
[Round "6.31"]
[White "Wagh Suyog"]
[Black "Nigmatov, Ortik"]
[Result "0-1"]
[WhiteElo "2229"]
[BlackElo "2494"]
[Annotator "ChessBase"]
[PlyCount "102"]
[EventDate "2019.10.15"]
[EventType "swiss"]
[EventCountry "IND"]
[SourceTitle "playchess.com"]
[Source "ChessBase"]
[SourceQuality "1"]
[TimeControl "40/5400+30:1800+30"]

1. d4 Nf6 {[%emt 0:00:00]} 2. c4 {[%emt 0:00:00]} g6 {[%emt 0:00:00]} 3. Nc3 {[%emt 0:00:00]} Bg7 {[%emt 0:00:00]} 4. e4 {[%emt 0:00:00]} d6 {[%emt 0:00:00]} 5. Nf3 {[%emt 0:00:00]} O-O {[%emt 0:00:03]} 6. Be2 {[%emt 0:00:04]} e5 {[%emt 0:01:48]} 7. O-O {[%emt 0:01:21]} c6 {[%emt 0:01:15]} 8. dxe5 {[%emt 0:09:35]} dxe5 {[%emt 0:00:06]} 9. Nxe5 {[%emt 0:00:10]} Nxe4 {[%emt 0:11:01]} 10. Nxe4 {[%emt 0:00:20]} Bxe5 {[%emt 0:02:05]} 11. Bg5 {[%emt 0:00:01]} Qc7 {[%emt 0:25:33]} 12. f4 {[%emt 0:08:48]} Bxb2 {[%emt 0:05:02]} 13. Bf6 {[%emt 0:00:47]} Qb6+ {[%emt 0:18:21]} 14. c5 {[%emt 0:00:10]} Qb4 {[%emt 0:00:12]} 15. Bxb2 {[%emt 0:00:47]} Qxb2 {[%emt 0:03:54]} 16. Rb1 {[%emt 0:00:03]} Qg7 {[%emt 0:00:08]} 17. Qd6 {[%emt 0:00:01]} Nd7 {[%emt 0:02:28]} 18. Rfd1 {[%emt 0:13:32]} Re8 {[%emt 0:01:59]} 19. Bf3 {[%emt 0:02:52]} f5 {[%emt 0:03:37]} 20. Ng5 {[%emt 0:06:51]} Qc3 {[%emt 0:04:09]} 21. Rbc1 {[%emt 0:19:12]} Qe3+ {[%emt 0:02:02]} 22. Kf1 {[%emt 0:04:33]} Qe7 {[%emt 0:01:13]} 23. Re1 {[%emt 0:23:51]} Qxd6 {[%emt 0:01:48]} 24. cxd6 {[%emt 0:00:35]} Nf6 {[%emt 0:00:26]} 25. Rxe8+ {[%emt 0:06:36]} Nxe8 {[%emt 0:00:04]} 26. Rd1 {[%emt 0:00:10]} Bd7 {[%emt 0:00:06]} 27. Be2 {[%emt 0:00:04]} Nf6 {[%emt 0:01:51]} 28. Bc4+ {[%emt 0:01:27]} Kg7 {[%emt 0:00:05]} 29. Nf3 {[%emt 0:01:01]} b5 {[%emt 0:04:48]} 30. Bb3 {[%emt 0:00:04]} c5 {[%emt 0:00:09]} 31. Ne5 {[%emt 0:00:32]} c4 {[%emt 0:00:53]} 32. Bc2 {[%emt 0:00:01]} Rb8 {[%emt 0:02:51]} 33. Re1 {[%emt 0:01:05]} Rd8 {[%emt 0:00:05]} 34. Rb1 {[%emt 0:01:25]} Nd5 {[%emt 0:01:25]} 35. Kf2 {[%emt 0:00:18]} Nc3 {[%emt 0:02:48]} 36. Rc1 {[%emt 0:01:10]} Be6 {[%emt 0:00:33]} 37. Bxf5 {[%emt 0:00:14]} gxf5 {[%emt 0:00:34]} 38. Rxc3 {[%emt 0:00:11]} Rxd6 {[%emt 0:00:05]} 39. Ke2 {[%emt 0:00:17]} Rd4 {[%emt 0:02:02]} 40. Ra3 {[%emt 0:00:26]} Rxf4 {[%emt 0:02:20]} 41. Rxa7+ {[%emt 0:30:36]} Kf6 {[%emt 0:30:13]} 42. Nf3 {[%emt 0:00:00]} Re4+ {[%emt 0:00:00]} 43. Kd2 {[%emt 0:00:00]} b4 {[%emt 0:00:00]} 44. Ra6 {[%emt 0:00:00]} Ke7 {[%emt 0:00:00]} 45. Ra7+ {[%emt 0:00:00]} Kd6 {[%emt 0:00:00]} 46. Ra6+ {[%emt 0:00:00]} Kc5 {[%emt 0:00:00]} 47. Ng5 {[%emt 0:00:00]} c3+ {[%emt 0:00:00]} 48. Kd1 {[%emt 0:00:00]} Rd4+ {[%emt 0:00:00]} 49. Kc1 {[%emt 0:00:00]} Bd5 {[%emt 0:00:00]} 50. Ne6+ {[%emt 0:00:00]} Bxe6 {[%emt 0:00:00]} 51. Rxe6 {[%emt 0:00:00]} Rd2 {[%emt 0:00:00]} 0-1

[Event "WJCC U20 Open 2019"]
[Site "New Delhi"]
[Date "2019.10.19"]
[Round "6.32"]
[White "Muradli, Mahammad"]
[Black "Tifferet, Shaked"]
[Result "0-1"]
[WhiteElo "2459"]
[BlackElo "2224"]
[Annotator "ChessBase"]
[PlyCount "88"]
[EventDate "2019.10.15"]
[EventType "swiss"]
[EventCountry "IND"]
[SourceTitle "playchess.com"]
[Source "ChessBase"]
[SourceQuality "1"]
[TimeControl "40/5400+30:1800+30"]

1. d4 {[%emt 0:02:49]} Nf6 {[%emt 0:00:00]} 2. c4 {[%emt 0:00:01]} g6 {[%emt 0:00:00]} 3. Nc3 {[%emt 0:00:05]} d5 {[%emt 0:00:02]} 4. Bg5 {[%emt 0:00:02]} c5 {[%emt 0:00:13]} 5. Bxf6 {[%emt 0:09:08]} exf6 {[%emt 0:01:04]} 6. Nf3 {[%emt 0:17:04]} dxc4 {[%emt 0:00:59]} 7. d5 {[%emt 0:00:44]} Qa5 {[%emt 0:32:43]} 8. Nd2 {[%emt 0:04:11]} b5 {[%emt 0:01:06]} 9. g3 {[%emt 0:18:01]} b4 {[%emt 0:13:06]} 10. Nce4 {[%emt 0:01:12]} Qd8 {[%emt 0:01:06]} 11. Nxc4 {[%emt 0:02:25]} f5 {[%emt 0:00:38]} 12. Ned2 {[%emt 0:00:58]} Nd7 {[%emt 0:09:42]} 13. Bg2 {[%emt 0:00:47]} Nb6 {[%emt 0:00:26]} 14. a4 {[%emt 0:17:58]} Bg7 {[%emt 0:04:29]} 15. Qc2 {[%emt 0:07:22]} Ba6 {[%emt 0:02:56]} 16. O-O {[%emt 0:02:20]} O-O {[%emt 0:01:16]} 17. Rad1 {[%emt 0:05:32]} Qf6 {[%emt 0:06:32]} 18. a5 {[%emt 0:03:42]} Nd7 {[%emt 0:03:47]} 19. Rb1 {[%emt 0:00:34]} Bb5 {[%emt 0:00:35]} 20. Rfd1 {[%emt 0:00:20]} Rfe8 {[%emt 0:01:08]} 21. e3 {[%emt 0:01:03]} Rad8 {[%emt 0:01:29]} 22. Nf3 {[%emt 0:02:34]} Qa6 {[%emt 0:00:31]} 23. Nfd2 {[%emt 0:01:47]} h5 {[%emt 0:01:28]} 24. Rbc1 {[%emt 0:00:11]} h4 {[%emt 0:00:24]} 25. Nb3 {[%emt 0:01:05]} Rc8 {[%emt 0:01:26]} 26. Bf1 {[%emt 0:00:32]} Bh6 {[%emt 0:03:18]} 27. d6 {[%emt 0:00:31]} Qb7 {[%emt 0:01:03]} 28. Bg2 {[%emt 0:00:27]} Bc6 {[%emt 0:00:09]} 29. Bxc6 Qxc6 {[%emt 0:00:09]} 30. Qd3 {[%emt 0:00:40]} Qf3 {[%emt 0:02:40]} 31. Qf1 {[%emt 0:00:32]} Qh5 {[%emt 0:01:00]} 32. Qh3 {[%emt 0:00:49]} Bg5 {[%emt 0:05:20]} 33. a6 {[%emt 0:00:30]} Re6 {[%emt 0:00:22]} 34. Rd5 {[%emt 0:00:12]} Re4 {[%emt 0:02:35]} 35. Ncd2 {[%emt 0:00:41]} Rg4 {[%emt 0:01:52]} 36. Kf1 {[%emt 0:00:40]} c4 {[%emt 0:00:39]} 37. Rd4 {[%emt 0:00:26]} Rxd4 {[%emt 0:00:55]} 38. Nxd4 {[%emt 0:00:17]} c3 {[%emt 0:00:06]} 39. Nb1 {[%emt 0:00:46]} c2 {[%emt 0:00:37]} 40. Nxc2 {[%emt 0:00:31]} Rxc2 {[%emt 0:00:31]} 41. Rxc2 {[%emt 0:30:28]} Qd1+ {[%emt 0:30:08]} 42. Kg2 {[%emt 0:00:02]} Qxc2 {[%emt 0:00:07]} 43. gxh4 {[%emt 0:00:03]} Qe4+ {[%emt 0:00:00]} 44. Qf3 {[%emt 0:00:00]} Bf6 {[%emt 0:00:00]} 0-1